000 00727nam a2200229Ii 4500
003 JO-AjNU
008 230605s9999||||xx |||||||||||||| ||und||
017 _a1988/6/342
040 _aJO-AjNU
_bara
_erda
_cJO-AjNU
041 _aara
050 1 4 _aBP184.4 1988
100 3 _aالياقتي، رغداء بكور,
_eauthor
_956579
245 0 0 _aطهارتك أختي المسلمة
250 _aط1
264 3 1 _aد.م: المؤلف، 1988
300 _a134ص
336 _atext
_btxt
_2rdacontent
337 _aunmediated
_bn
_2rdamedia
338 _avolume
_bnc
_2rdacarrier
490 0 _aسلسلة اختي المسلمة2
650 4 _aالطهارة- الفقه الاسلامي- المرأة المسلمة
_956580
999 _aA25302
_c28870
_d28870